000 00526nam a2200145Ia 4500
005 20260219131542.0
022 _a1117-4145
050 _aQR 251 .N54/
245 _aNigerian Journal of Parasitology
250 _aVol. 45 No. 1
260 _aNigeria
_bParasitology and Public Health Society of Nigeria.
_c2024
300 _a62 p. :ill. ; 29 cm.
650 _aMedical parasitology--Nigeria--Periodicals. Parasitology--Nigeria--Periodicals. Parasitic Diseases--epidemiology--Nigeria. Parasitology--Nigeria.
942 _cSR
_2lcc
999 _c37938
_d37938